| 000 | 00778nam a22001577a 4500 | ||
|---|---|---|---|
| 008 | 230712b |||||||| |||| 00| 0 eng d | ||
| 040 |
_aNational Science Library _cNational Science Library |
||
| 080 |
_a502.75(082.2) _bN8 |
||
| 245 |
_aराष्ट्रीय वैज्ञानिक हिंदी संगोष्ठी: _bजैविक संस्धानों का संरक्षण और साथियो उपयोगी 26-27 March 1998 |
||
| 246 |
_aRaashtreey vaigyaanik hindee sangoshthee: _bJaivaik sansdhano ka sanrshan aur sathiyo upyogi 26-27 March 1998 |
||
| 260 |
_aHimachal pardesh: _bHimlaya Jaivparsad Science Institute, _c1998 |
||
| 300 | _a70p. | ||
| 490 | _aस्मरिका, | ||
| 650 | _aScience | ||
| 942 |
_2udc _cBK |
||
| 999 |
_c51820 _d51820 |
||